Artscapes: el arte como aproximación al paisaje contemporáneo

Đã lưu trong:
Chi tiết về thư mục
Tác giả chính: Galofaro, Luca (Tác giả)
Định dạng: Sách
Ngôn ngữ:Tiếng Tây Ban Nha
Tiếng Anh
Được phát hành: Barcelona Gustavo Gili 2003
Loạt:Land and Scape Series, 3
Những chủ đề:
Các nhãn: Thêm thẻ
Không có thẻ, Là người đầu tiên thẻ bản ghi này!

MARC

LEADER 00000nam a2200000 a 4500
001 UCK0359
003 CL-VaPUC
008 041001e20030000SP |||||||||||||||||spa|d
020 |a 8425218438 
041 0 7 |a spa  |2 CL-VaPUC 
041 0 7 |a eng  |2 CL-VaPUC 
082 0 4 |a 712.01  |b GAL  |2 21 
100 0 |a Galofaro, Luca  |e author  |9 488271 
245 1 0 |a Artscapes: el arte como aproximación al paisaje contemporáneo 
246 1 0 |a Art as an approach to contemporary landscape 
300 |a 189 p 
942 |c BK 
945 |d 20041001 00:00:00  |a cmena 
260 |a Barcelona  |b Gustavo Gili  |c 2003 
650 0 |a Urbanismo  |9 255208 
650 0 |a Planificación urbana   |9 258176 
650 0 |a Paisajismo  |9 269021 
650 0 |a Estética   |9 264950 
650 0 |a Arte  |9 265238 
583 |a last modification  |c 20041001 00:00:00  |k Rodrigo Vera 
490 0 |a Land and Scape Series, 3 
999 |c 310820  |d 310818 
952 |0 0  |1 0  |4 0  |6 712_010000000000000_GAL_2003  |7 0  |8 A  |9 379846  |a BIBART  |b BIBART  |d 2019-11-21  |i 4064852  |l 12  |o 712.01 GAL 2003  |p 4064852  |q 2025-07-31  |r 2025-03-13  |s 2024-12-19  |w 2019-11-21  |y BK  |k ART